[Event "45th Capablanca Mem Open"]
[Site "Havana CUB"]
[Date "2010.06.11"]
[Round "2"]
[White "Ortega,Mariano"]
[Black "Lemes Rosales,Lazaro"]
[Result "1/2-1/2"]
[WhiteElo "2412"]
[BlackElo "2214"]
[EventDate "2010.06.10"]

1. d4 d5 2. Nf3 Nf6 3. c4 e6 4. g3 c5 5. cxd5 exd5 6. Bg2 Nc6 7. O-O Be7 8.
Nc3 O-O 9. Bg5 cxd4 10. Nxd4 h6 11. Be3 Re8 12. Rc1 Bg4 13. h3 Be6 14. Nxc6
bxc6 15. Na4 Qd7 16. Kh2 Bf5 17. Nc5 Bxc5 18. Bxc5 Ne4 19. e3 Rab8 20. b3
Rb5 21. Bd4 Qd6 22. Ba1 c5 23. Qe2 Rb7 24. Rfd1 Rd7 25. Qb2 f6 26. Kg1 Qe6
27. g4 Bh7 28. f3 Ng5 29. Rxc5 Qxe3+ 30. Qf2 Qxf2+ 31. Kxf2 Red8 32. Bf1
Be4 33. Bg2 Bg6 34. Rc6 Bf7 35. Bf1 d4 36. h4 Nxf3 37. Kg3 Ne5 38. Ra6 Kf8
39. g5 hxg5 40. hxg5 fxg5 41. Bb5 Rd5 42. a4 d3 43. Rd2 Rc5 44. Rxa7 Bxb3
45. Bxe5 Rxe5 46. Rd7 Rxd7 47. Bxd7 Bc4 48. Bb5 Bxb5 49. axb5 Rxb5 50. Rxd3
Rb4 51. Rd5 g4 52. Rd7 Kg8 53. Kh4 Kh7 54. Rd6 Rf4 55. Ra6 Rc4 56. Rb6 g6
57. Ra6 Kh6 58. Rb6 g3+ 59. Kxg3 Kh5 60. Rb5+ g5 61. Rb3 Rg4+ 62. Kh3 Rg1
63. Kh2 Rg4 64. Kh3 Rg1 65. Kh2 Rg4 1/2-1/2

[Event "45th Capablanca Mem Open"]
[Site "Havana CUB"]
[Date "2010.06.11"]
[Round "2"]
[White "Campos Vila,M"]
[Black "Aguero Jimenez,L"]
[Result "0-1"]
[WhiteElo "2178"]
[BlackElo "2409"]
[EventDate "2010.06.10"]

1. e4 c6 2. d4 d5 3. exd5 cxd5 4. c4 Nf6 5. Nc3 Nc6 6. Bg5 e6 7. Nf3 Be7 8.
c5 O-O 9. Bb5 Bd7 10. O-O Ne4 11. Bxe7 Nxe7 12. Bxd7 Nxc3 13. Qe1 Ne4 14.
Ba4 Ng6 15. b4 Qc7 16. Bc2 f5 17. Ne5 Nxe5 18. dxe5 Qxe5 19. f3 Qd4+ 20.
Kh1 Ng5 21. h4 Nf7 22. Qxe6 Qxh4+ 23. Kg1 Qxb4 24. Qxd5 Rac8 25. Qxf5 g6
26. Qf6 Qxc5+ 27. Rf2 Qe5 28. Qxe5 Nxe5 29. Bb3+ Kg7 30. Re2 Nc6 31. Rae1
Rc7 32. Kf2 Rd8 33. Ba4 Rdd7 34. Rb1 Re7 35. Bxc6 bxc6 36. Re4 Rxe4 37.
fxe4 Kf6 38. Ke3 c5 39. Rb8 c4 40. Kd2 Ke5 41. Re8+ Kd4 42. e5 Rb7 43. Kc2
Rf7 44. e6 Rf2+ 45. Kd1 Ke5 46. e7 Rf7 47. Rc8 Rxe7 48. Rxc4 Kf5 49. Kd2 h5
50. Kd3 g5 51. a4 h4 52. Rb4 g4 53. Rc4 Kg5 54. Rb4 h3 55. gxh3 gxh3 56.
Rb8 Rh7 57. Rg8+ Kf5 58. Rf8+ Ke5 59. Re8+ Kd6 60. Re1 h2 61. Rh1 Kc5 62.
Ke3 Kb4 0-1

[Event "45th Capablanca Mem Open"]
[Site "Havana CUB"]
[Date "2010.06.11"]
[Round "2"]
[White "Alonso Moyano,J"]
[Black "Guerrero,An"]
[Result "0-1"]
[WhiteElo "2399"]
[BlackElo "2164"]
[EventDate "2010.06.10"]

1. e4 e5 2. Nc3 Nc6 3. g3 Bc5 4. Bg2 h5 5. Nf3 h4 6. Nxe5 Nxe5 7. d4 h3 8.
Bxh3 Bxd4 9. Bg2 Bxc3+ 10. bxc3 d6 11. h3 Qe7 12. f4 Nd7 13. Kf2 Nc5 14.
Ba3 Nf6 15. Bxc5 dxc5 16. e5 Nh5 17. Bf3 Nxg3 18. Kxg3 Qh4+ 19. Kg2 Bxh3+
20. Rxh3 Qxh3+ 21. Kf2 Qh2+ 22. Ke3 Rh4 0-1

[Event "45th Capablanca Mem Open"]
[Site "Havana CUB"]
[Date "2010.06.11"]
[Round "2"]
[White "Ruiz Sanchez,O"]
[Black "Espinosa Garcia,S"]
[Result "1-0"]
[WhiteElo "2381"]
[BlackElo "2134"]
[EventDate "2010.06.10"]

1. d4 Nf6 2. Nf3 g6 3. Nbd2 d5 4. e3 Bg7 5. b4 Nbd7 6. c4 c6 7. Bb2 O-O 8.
Be2 dxc4 9. Nxc4 Nd5 10. a3 N7f6 11. O-O Be6 12. Rc1 Ne4 13. Nfe5 Nd6 14.
Na5 Rc8 15. Bf3 Qb6 16. Qc2 f6 17. Nd3 Bf7 18. Nc5 e5 19. Nd7 Qd8 20. Nxf8
Qxf8 21. dxe5 fxe5 22. Rfd1 Re8 23. e4 Nf4 24. Qc5 Nb5 25. Qxf8+ Kxf8 26.
Nxb7 Bb3 27. Rd7 Nd4 28. Bxd4 exd4 29. Nc5 1-0

[Event "45th Capablanca Mem Open"]
[Site "Havana CUB"]
[Date "2010.06.11"]
[Round "2"]
[White "Bacallao Alonso,Y"]
[Black "Larrua Gonzalez,F"]
[Result "1/2-1/2"]
[WhiteElo "2500"]
[BlackElo "2310"]
[EventDate "2010.06.10"]

1. c4 Nf6 2. Nc3 e6 3. Nf3 d5 4. cxd5 exd5 5. d4 c6 6. Bg5 Be7 7. e3 Bf5 8.
Bd3 Bxd3 9. Qxd3 Nbd7 10. O-O O-O 11. Nd2 Re8 12. Rab1 a5 13. a3 Ne4 14.
Ncxe4 dxe4 15. Bxe7 Qxe7 16. Qb3 Nf6 17. Rbc1 a4 18. Qd1 Ra5 19. Nc4 Rg5
20. Ne5 Qe6 21. f4 exf3 22. Qxf3 Nd7 23. Qxf7+ Qxf7 24. Nxf7 Rg6 25. Rf3
Rge6 26. e4 Rxe4 27. Nd6 Re1+ 28. Rxe1 Rxe1+ 29. Kf2 Rb1 30. Rf7 Rxb2+ 31.
Kf3 Rb3+ 32. Kf4 Nf6 33. Rxb7 Nd5+ 34. Kf5 Ne3+ 35. Ke4 Rxb7 36. Nxb7 Nc4
37. Nc5 Nxa3 38. Nxa4 Kf7 39. Nb2 Ke6 1/2-1/2

[Event "45th Capablanca Mem Open"]
[Site "Havana CUB"]
[Date "2010.06.11"]
[Round "2"]
[White "Fernando,D"]
[Black "Ordaz Valdes,L"]
[Result "0-1"]
[WhiteElo "2494"]
[BlackElo "2307"]
[EventDate "2010.06.10"]

1. e4 e5 2. Bc4 Nf6 3. d3 c6 4. Nf3 d5 5. Bb3 Bd6 6. exd5 Nxd5 7. O-O O-O
8. Re1 Bg4 9. h3 Bh5 10. Nbd2 Nd7 11. Ne4 Bc7 12. Bg5 f6 13. Bd2 Kh8 14. a3
f5 15. Ng3 Bxf3 16. Qxf3 e4 17. dxe4 fxe4 18. Qxe4 Qf6 19. Rf1 Nc5 20. Qc4
Qd6 21. Bb4 Rxf2 22. Rxf2 Qxg3 23. Bxc5 Qh2+ 24. Kf1 Qh1+ 25. Ke2 Qxa1 26.
Qg4 Re8+ 27. Kd3 Nf4+ 28. Rxf4 Bxf4 29. Qxf4 Qd1+ 30. Kc3 Qe1+ 31. Qd2 Qe5+
32. Bd4 Qa5+ 33. Kd3 Qf5+ 34. Kc3 c5 35. Bg1 Qe5+ 36. Kc4 b5+ 37. Kxb5 c4+
38. Kxc4 Rc8+ 39. Kb4 Rb8+ 40. Kc4 Qb5+ 0-1

[Event "45th Capablanca Mem Open"]
[Site "Havana CUB"]
[Date "2010.06.11"]
[Round "2"]
[White "Zepeda,L"]
[Black "Galego,L"]
[Result "0-1"]
[WhiteElo "2152"]
[BlackElo "2488"]
[EventDate "2010.06.10"]

1. e4 c5 2. Nf3 e6 3. d4 cxd4 4. Nxd4 a6 5. Bd3 Qc7 6. Qe2 Bc5 7. Nb3 Be7
8. O-O Nc6 9. c4 Nf6 10. Be3 Ne5 11. f4 Nxd3 12. Qxd3 d6 13. Nc3 b6 14.
Rae1 Bb7 15. f5 Rc8 16. fxe6 fxe6 17. Nd2 O-O 18. Bd4 e5 19. Be3 Ng4 20.
Kh1 Nxe3 21. Qxe3 h6 22. Rxf8+ Rxf8 23. b3 Bg5 24. Qd3 Bxd2 25. Qxd2 Qc5
26. h3 b5 27. cxb5 axb5 28. a4 bxa4 29. Nxa4 Qc6 30. Nc3 Qb6 31. Nd5 Qxb3
32. Ne7+ Kh7 33. Qxd6 Bxe4 34. Kh2 Qc2 0-1

[Event "45th Capablanca Mem Open"]
[Site "Havana CUB"]
[Date "2010.06.11"]
[Round "2"]
[White "Perez Rodriguez,L"]
[Black "Vigoa Apecheche,Yan"]
[Result "1-0"]
[WhiteElo "2484"]
[BlackElo "2302"]
[EventDate "2010.06.10"]

1. e4 c5 2. Nf3 Nc6 3. Nc3 g6 4. d4 cxd4 5. Nxd4 Bg7 6. Be3 d6 7. Qd2 Nf6
8. f3 O-O 9. Bc4 Bd7 10. O-O-O Rc8 11. Bb3 Nxd4 12. Bxd4 b5 13. Nd5 Nxd5
14. Bxg7 Kxg7 15. Bxd5 a5 16. a3 Qc7 17. h4 h6 18. Bb3 Qc5 19. Kb1 b4 20.
a4 Be6 21. Rhe1 Rc7 22. f4 Bg4 23. Rc1 e6 24. Re3 Rfc8 25. Rd3 Rc6 26. Rf1
R8c7 27. Rd4 Be2 28. Re1 Bg4 29. Re3 Qb6 30. Red3 d5 31. Rg3 h5 32. f5 exf5
33. exd5 Rf6 34. Re3 Qd6 35. g3 f4 36. gxf4 Rxf4 37. Re8 Rf1+ 38. Ka2 Qf6
39. Qh2 Re7 40. Rxe7 Qxe7 41. Bc4 Rc1 42. Qf2 Bf5 43. d6 Qe8 44. Bb3 Qa8
45. Rd5 Bxc2 46. Qd4+ Kh6 47. Bxc2 Rxc2 48. d7 Qd8 49. Re5 b3+ 50. Kxb3 1-0

[Event "45th Capablanca Mem Open"]
[Site "Havana CUB"]
[Date "2010.06.11"]
[Round "2"]
[White "Borges Mateos,J"]
[Black "Ostos,J"]
[Result "0-1"]
[WhiteElo "2468"]
[BlackElo "2273"]
[EventDate "2010.06.10"]

1. Nf3 Nf6 2. d4 g6 3. c4 c5 4. d5 Bg7 5. Nc3 O-O 6. e4 e6 7. Bd3 d6 8. O-O
Na6 9. Re1 Nc7 10. Bf1 e5 11. a3 Nh5 12. g3 f5 13. exf5 gxf5 14. Nxe5 Nxg3
15. hxg3 dxe5 16. Qh5 Qd6 17. g4 Ne8 18. gxf5 Bxf5 19. Bh3 Qg6+ 20. Qxg6
hxg6 21. Bxf5 gxf5 22. b3 Nd6 23. Ra2 e4 24. Ne2 Nf7 25. Kg2 Ne5 26. Nf4
Kf7 27. Rh1 Rh8 28. Rxh8 Rxh8 29. Ne6 Rg8 30. Kh3 Nd3 31. Be3 Be5 32. b4
Rh8+ 33. Kg2 f4 34. Bd2 f3+ 35. Kg1 Bh2+ 36. Kf1 Bg3 0-1

[Event "45th Capablanca Mem Open"]
[Site "Havana CUB"]
[Date "2010.06.11"]
[Round "2"]
[White "Rasmussen,Kar"]
[Black "Ramon Pita,V"]
[Result "1-0"]
[WhiteElo "2428"]
[BlackElo "2267"]
[EventDate "2010.06.10"]

1. d4 c5 2. d5 e5 3. e4 d6 4. Bb5+ Nd7 5. f4 exf4 6. Bxf4 a6 7. Bxd7+ Bxd7
8. Nc3 b5 9. Nf3 f6 10. O-O Qb6 11. a4 b4 12. Nb1 a5 13. Nbd2 Qa6 14. e5
O-O-O 15. exd6 Bxd6 16. Bxd6 Qxd6 17. Ne4 Qb6 18. Nfd2 Nh6 19. Nc4 Qa7 20.
Ned6+ Kb8 21. Qd3 Be8 22. Nb5 Bxb5 23. axb5 a4 24. Qg3+ Qc7 25. d6 Qd7 26.
Rxa4 Qg4 27. Qxg4 Nxg4 28. Rfa1 Kc8 29. Ra7 Ne5 30. Rxg7 1-0

[Event "45th Capablanca Mem Open"]
[Site "Havana CUB"]
[Date "2010.06.11"]
[Round "2"]
[White "Macias Murillo,B"]
[Black "Gonzalez Vega,A"]
[Result "1-0"]
[WhiteElo "2347"]
[BlackElo "2291"]
[EventDate "2010.06.10"]

1. c4 e5 2. Nc3 Nf6 3. e3 Nc6 4. d3 d5 5. cxd5 Nxd5 6. Nf3 Be7 7. Be2 O-O
8. O-O Be6 9. a3 Kh8 10. Qc2 a5 11. Re1 f5 12. Na4 Bf6 13. Bf1 Qe8 14. Rb1
Rd8 15. b3 Bc8 16. Bb2 Qg6 17. Nd2 f4 18. Ne4 fxe3 19. fxe3 Bh4 20. g3 Be7
21. Bg2 Qh6 22. Qe2 Qg6 23. Rf1 Bg4 24. Rxf8+ Rxf8 25. Qd2 Qh6 26. Re1 Bf3
27. Nac5 Bxg2 28. Kxg2 Bxc5 29. Nxc5 b6 30. Ne4 Qe6 31. Qc2 Nce7 32. Bc1
Qf5 33. Qe2 Kg8 34. Rf1 Qxf1+ 35. Qxf1 Rxf1 36. Kxf1 h6 37. Ke2 Kf7 38. Bb2
Ke6 39. Nd2 Nc6 40. Nf3 Nf6 41. e4 g6 42. Bc3 b5 43. Bb2 Nd7 44. Kd2 Nc5
45. Kc2 b4 46. a4 Kd6 47. Nh4 Ne7 48. Nf3 Nc6 49. Nh4 Ne7 50. Ng2 Nc6 51.
Ne3 Ke6 52. Nd5 Kd6 53. Ne3 Ke6 54. Nc4 Nd7 55. Ne3 Nc5 56. Ng4 h5 57. Ne3
Kd6 58. Nc4+ Ke6 59. Nd2 Kd6 60. Ba1 Ne6 61. Nc4+ Ke7 62. Nxe5 Ned4+ 63.
Kd1 Nxe5 64. Bxd4 Nf3 65. Bc5+ Ke6 66. h4 Ne5 67. Ke2 Ng4 68. Bd4 Kd6 69.
Kf3 Ke6 70. Bb2 Ne5+ 71. Ke2 Nd7 72. d4 c6 73. Kd3 Nb6 74. Bc1 Kd6 75. Bg5
Kd7 76. Bf4 Kd8 77. Bd6 Kd7 78. Bc5 Nc8 79. d5 1-0

[Event "45th Capablanca Mem Open"]
[Site "Havana CUB"]
[Date "2010.06.11"]
[Round "2"]
[White "Diaz Hernandez,H"]
[Black "Moncayo Romero,E"]
[Result "0-1"]
[WhiteElo "2335"]
[BlackElo "2122"]
[EventDate "2010.06.10"]

1. e4 c5 2. Nf3 d6 3. d4 cxd4 4. Nxd4 Nf6 5. Nc3 a6 6. Be3 e5 7. Nb3 Be7 8.
f3 Be6 9. Qd2 O-O 10. O-O-O b5 11. Nd5 Nxd5 12. exd5 Bf5 13. g4 Bg6 14. f4
exf4 15. Bxf4 Nd7 16. Nd4 Ne5 17. Nc6 Nxc6 18. dxc6 Be4 19. Bg2 Bxg2 20.
Qxg2 Rc8 21. Qd5 Qb6 22. Rhe1 Bh4 23. Re2 Qxc6 24. Qxc6 Rxc6 25. Rxd6 Rxd6
26. Bxd6 Bg5+ 27. Kb1 Rd8 28. c3 h5 29. Bc7 Rd7 30. Bb8 hxg4 31. Rg2 f5 32.
h3 Rd8 33. Bc7 Rc8 34. Bb6 Rc6 35. Bd4 Rg6 36. hxg4 Bh4 37. Kc2 Rxg4 38.
Rxg4 fxg4 39. Kd3 Bf6 40. Bb6 Kf7 41. Ke4 Kg6 42. Kf4 Kh5 43. Kg3 Be5+ 44.
Kg2 Kg5 45. Kf2 Kf4 46. Bc5 Ke4 47. Ke2 Bh2 48. Bb6 Bf4 49. Bc5 g3 50. Bd4
g6 51. Bb6 g2 52. Bg1 Bg3 53. b3 Be5 54. Kd2 b4 0-1

[Event "45th Capablanca Mem Open"]
[Site "Havana CUB"]
[Date "2010.06.11"]
[Round "2"]
[White "Sanchez Alvarez,R"]
[Black "Cancio Bello Ayes,F"]
[Result "1-0"]
[WhiteElo "2330"]
[BlackElo "2075"]
[EventDate "2010.06.10"]

1. d4 Nf6 2. c4 d5 3. cxd5 Nxd5 4. e4 Nb6 5. Nc3 g6 6. Be3 Bg7 7. Be2 O-O
8. Nf3 Bg4 9. O-O Nc6 10. d5 Bxf3 11. Bxf3 Ne5 12. Be2 Nec4 13. Bc1 a5 14.
Qc2 Nd6 15. Bf4 e5 16. dxe6 fxe6 17. Bg3 Rc8 18. Bg4 Qe7 19. Rad1 Rfe8 20.
Ne2 h5 21. e5 Nf5 22. Bxf5 exf5 23. f4 Kh7 24. Bf2 Qe6 25. b3 Bh6 26. Qc5
a4 27. Nd4 Qg8 28. Bh4 axb3 29. axb3 Bf8 30. Qc2 Be7 31. Bxe7 Rxe7 32. Nf3
Nd5 33. Qc5 Rd7 34. e6 b6 35. exd7 bxc5 36. dxc8=Q Qxc8 37. Rxd5 1-0

[Event "45th Capablanca Mem Open"]
[Site "Havana CUB"]
[Date "2010.06.11"]
[Round "2"]
[White "Borges Feria,Y"]
[Black "Ubaldo Suarez,M"]
[Result "1-0"]
[WhiteElo "2426"]
[BlackElo "2041"]
[EventDate "2010.06.10"]

1. e4 c5 2. Nf3 d6 3. d4 cxd4 4. Nxd4 Nf6 5. Nc3 g6 6. g3 Bg7 7. Bg2 O-O 8.
h3 Nc6 9. Nde2 Rb8 10. a4 a6 11. O-O b5 12. axb5 axb5 13. Nd5 Nd7 14. Rb1
Bb7 15. Bd2 Ba8 16. Bc3 Nde5 17. b3 b4 18. Bb2 e6 19. Ne3 Qc7 20. Qd2 Rfd8
21. f4 Nd7 22. Bxg7 Kxg7 23. g4 Na7 24. Rf2 Qc5 25. Rbf1 Nf6 26. f5 exf5
27. exf5 Re8 28. Bxa8 Rxa8 29. Rf3 Ne4 30. Qd3 g5 31. f6+ Kh8 32. Kg2 Nc6
33. Rf5 Re5 34. Nc4 Nc3 35. Nxc3 bxc3 36. Nxe5 Nxe5 37. Qe4 Rg8 38. Ra1 h6
39. Ra8 Rc8 40. Rxc8+ Qxc8 41. h4 Ng6 42. hxg5 Nh4+ 43. Kf2 Nxf5 44. Qxf5
Qb7 45. gxh6 Qb6+ 46. Kf3 Qg1 47. Qc8+ Kh7 48. Qxc3 Qh1+ 49. Kf4 Qxh6+ 50.
Kg3 Qh1 51. Qf3 Qg1+ 52. Kh3 Qe1 53. Qf5+ 1-0

[Event "45th Capablanca Mem Open"]
[Site "Havana CUB"]
[Date "2010.06.11"]
[Round "2"]
[White "Alarcon Casellas,Rol"]
[Black "Guerra Mojena,L"]
[Result "0-1"]
[WhiteElo "2410"]
[BlackElo "2254"]
[EventDate "2010.06.10"]

1. d4 Nf6 2. Bg5 e6 3. e4 h6 4. Bxf6 Qxf6 5. c3 d6 6. Nf3 g6 7. Bd3 Nd7 8.
Qe2 Bg7 9. Nbd2 e5 10. dxe5 Nxe5 11. Nxe5 dxe5 12. O-O O-O 13. Rfd1 Be6 14.
Nf1 Rad8 15. Bc2 c6 16. Qe3 b6 17. a4 Rxd1 18. Bxd1 Qe7 19. a5 b5 20. Be2
Rd8 21. Rc1 Bf6 22. g3 Kh7 23. b4 h5 24. h4 Bg7 25. Re1 Bh6 26. Qf3 Bg4 27.
Qg2 Bxe2 28. Rxe2 Rd3 29. Rc2 Qe6 30. f3 Qc4 31. Qf2 a6 32. Kg2 Rxc3 33.
Rxc3 Qxc3 34. Qa7 Qxb4 35. Qxa6 Qb2+ 36. Kh3 Qf2 37. Nh2 Bf4 38. gxf4 exf4
39. Nf1 Qxf1+ 40. Kh2 Qf2+ 41. Kh1 Qxf3+ 0-1

[Event "45th Capablanca Mem Open"]
[Site "Havana CUB"]
[Date "2010.06.11"]
[Round "2"]
[White "Obregon Rivero,J"]
[Black "Pulvett,D"]
[Result "1/2-1/2"]
[WhiteElo "2410"]
[BlackElo "2243"]
[EventDate "2010.06.10"]

1. Nf3 Nf6 2. c4 g6 3. b4 Bg7 4. Bb2 d6 5. e3 e5 6. d4 O-O 7. dxe5 Ng4 8.
Nc3 Nc6 9. exd6 Nxb4 10. a3 Nc6 11. dxc7 Qxc7 12. Qd2 Qa5 13. Nd1 Nge5 14.
Nxe5 Qxd2+ 15. Kxd2 Nxe5 16. f4 Rd8+ 17. Ke1 Ng4 18. Bxg7 Kxg7 19. h3 Nf6
20. Nc3 Be6 21. Nb5 Rdc8 22. Nd6 Rc6 23. Rd1 Ra6 24. Rd3 Rb6 25. g4 Rb1+
26. Kf2 Rb2+ 27. Kg3 h5 28. f5 gxf5 29. gxf5 Bd7 30. e4 Bc6 31. Kf4 Rd8 32.
Rg1+ Kf8 33. e5 Ne8 34. h4 f6 35. Nxe8 Rf2+ 36. Kg3 Rxf1 37. Rxd8 Rxg1+ 38.
Kf2 Rg2+ 39. Kf1 fxe5 40. Rc8 Rc2 41. Nf6+ Ke7 42. Nxh5 Rxc4 43. f6+ Ke6
44. Rf8 Rxh4 45. Ng7+ Kd7 46. Ke1 Rf4 47. Rf7+ Kd6 48. Rf8 Rf3 49. Kd2 e4
50. Nh5 Bb5 51. Rd8+ Ke6 52. Rd4 e3+ 53. Ke1 e2 54. Kd2 1/2-1/2

[Event "45th Capablanca Mem Open"]
[Site "Havana CUB"]
[Date "2010.06.11"]
[Round "2"]
[White "Osorio,F"]
[Black "Olivera Medrano,J"]
[Result "0-1"]
[WhiteElo "2232"]
[BlackElo "2396"]
[EventDate "2010.06.10"]

1. e4 e5 2. Nf3 Nc6 3. Nc3 Nf6 4. Bb5 Bb4 5. O-O O-O 6. d3 d6 7. Bg5 Bxc3
8. bxc3 h6 9. Bh4 g5 10. Bg3 Bg4 11. Re1 Re8 12. Qc1 Bxf3 13. gxf3 Nh5 14.
Rb1 Qd7 15. Kg2 a6 16. Ba4 b5 17. Bb3 Ne7 18. h4 Ng6 19. Rh1 Ngf4+ 20. Kf1
Qe7 21. hxg5 hxg5 22. Bd5 Rab8 23. Ke1 Kg7 24. Kd2 Rec8 25. Rh2 Rh8 26. Qh1
c6 27. Bb3 Qa7 28. Rg1 f6 29. Bh4 Ng6 30. Bg3 Nhf4 31. Rf1 a5 32. a4 b4 33.
cxb4 axb4 34. Rb1 Qd4 35. Rxh8 Rxh8 36. Qf1 Qc3+ 37. Ke3 d5 38. exd5 cxd5
39. Bxf4 Nxf4 0-1

[Event "45th Capablanca Mem Open"]
[Site "Havana CUB"]
[Date "2010.06.11"]
[Round "2"]
[White "Rodriguez Garcia,V"]
[Black "Guillen Ramirez,J"]
[Result "1/2-1/2"]
[WhiteElo "2377"]
[BlackElo "2223"]
[EventDate "2010.06.10"]

1. e4 c5 2. Nf3 e6 3. Nc3 Nc6 4. Bb5 Nge7 5. O-O a6 6. Bxc6 Nxc6 7. d4 cxd4
8. Nxd4 Qc7 9. Nxc6 Qxc6 10. Be3 Be7 11. a4 O-O 12. Qd3 d6 13. a5 Bd7 14.
Na4 Rad8 15. c4 Be8 16. Nb6 Qc7 17. Bd4 f5 18. exf5 Rxf5 19. Rfe1 Bc6 20.
Rxe6 Rdf8 21. Nd5 Bxd5 22. cxd5 Bh4 23. g3 Bd8 24. Be3 h5 25. Qe4 Qd7 26.
b4 h4 27. Bd4 Qf7 28. Re1 h3 29. Re2 Qh5 30. Rxd6 Rf3 31. Rd7 Bf6 32. Bxf6
R3xf6 33. f4 Rxf4 34. gxf4 Qg4+ 35. Kh1 Qxd7 36. Qe6+ Qxe6 37. dxe6 Rxf4
38. Kg1 Kf8 39. Rb2 Ke7 40. b5 axb5 41. Rxb5 1/2-1/2

[Event "45th Capablanca Mem Open"]
[Site "Havana CUB"]
[Date "2010.06.11"]
[Round "2"]
[White "Garcia Fuentes,S"]
[Black "Morales Romero,R"]
[Result "0-1"]
[WhiteElo "2169"]
[BlackElo "2277"]
[EventDate "2010.06.10"]

1. e4 c5 2. Nf3 d6 3. d4 cxd4 4. Nxd4 Nf6 5. Nc3 g6 6. Be2 Bg7 7. O-O O-O
8. Bg5 Nc6 9. Nb3 a6 10. a4 Be6 11. Kh1 Rc8 12. f4 Na5 13. f5 Bxb3 14. cxb3
Rxc3 15. bxc3 Nxe4 16. Bh4 Nxc3 17. Qd3 Nxe2 18. Qxe2 Bxa1 19. Rxa1 Re8 20.
Re1 Nc6 21. f6 e5 22. Qe3 Re6 23. Rf1 d5 24. Qh3 Rd6 25. Bg5 Nd4 26. Qh4
Ne6 27. Bd2 e4 28. Bb4 Rc6 29. h3 Qb6 30. Be7 Qxb3 31. Kh2 Qxa4 32. Qg3 Qc4
33. Rb1 b5 34. Ra1 h6 35. Qe5 g5 36. Rd1 Nf4 37. Rd2 Qc3 38. Rxd5 Nxd5 39.
Qxd5 Rc8 40. Qxe4 Qc7+ 0-1

[Event "45th Capablanca Mem Open"]
[Site "Havana CUB"]
[Date "2010.06.11"]
[Round "2"]
[White "Corrales Jimenez,Z"]
[Black "Vega,L"]
[Result "0-1"]
[WhiteElo "2166"]
[BlackElo "2357"]
[EventDate "2010.06.10"]

1. e4 c5 2. Nf3 Nc6 3. Nc3 e5 4. Bc4 Be7 5. d3 d6 6. Nd2 Bg5 7. h4 Bh6 8.
Nd5 Nf6 9. Nf3 Bxc1 10. Qxc1 h6 11. c3 Bg4 12. Qe3 Rc8 13. O-O O-O 14. Nh2
Be6 15. Nxf6+ Qxf6 16. Qg3 Qf4 17. Rad1 Qxg3 18. fxg3 Rcd8 19. Bxe6 fxe6
20. Rxf8+ Kxf8 21. Kf2 b5 22. Ke2 b4 23. g4 bxc3 24. bxc3 Rb8 25. Rd2 Ke7
26. Nf3 a5 27. g5 hxg5 28. Nxg5 a4 29. g4 a3 30. Nf3 g6 31. Kd1 Na5 32. Kc1
c4 33. d4 Rf8 34. Nh2 exd4 35. cxd4 Rf4 36. Re2 Nc6 37. Rc2 d5 38. exd5
exd5 39. Rc3 Nxd4 40. Rxa3 Rf2 41. Rh3 c3 42. h5 Rxa2 0-1

[Event "45th Capablanca Mem Open"]
[Site "Havana CUB"]
[Date "2010.06.11"]
[Round "2"]
[White "Mena Crespo,C"]
[Black "Lorenzana,W"]
[Result "1-0"]
[WhiteElo "2337"]
[BlackElo "2218"]
[EventDate "2010.06.10"]

1. Nf3 Nf6 2. c4 g6 3. d4 Bg7 4. Nc3 O-O 5. Bg5 h6 6. Bh4 c5 7. d5 d6 8.
Nd2 Na6 9. e4 Nc7 10. Be2 Nh7 11. O-O h5 12. f4 f5 13. Bd3 Qe8 14. Qc2 Qf7
15. Rae1 e5 16. Nf3 Re8 17. fxe5 dxe5 18. exf5 gxf5 19. Nd2 Rf8 20. Bg3 Bd7
21. Bxe5 Bxe5 22. Rxe5 Rae8 23. Nf3 Qf6 24. Rxe8 Nxe8 25. Qf2 b6 26. Qh4
Qxh4 27. Nxh4 Nd6 28. Re1 a6 29. Ng6 Rf6 30. Ne5 Be8 31. Ne2 Ng5 32. Nf4 h4
33. Re3 Kf8 34. g3 Rh6 35. gxh4 Nge4 36. h5 Kg7 37. Ne6+ Kf6 38. Bxe4 Kxe5
39. Bd3+ Kf6 40. Nf4 Kg5 41. Re6 Rxe6 42. Nxe6+ Kxh5 43. Nc7 Bf7 44. Nxa6
Kg5 45. a4 Kf4 46. Kf2 Ke5 47. Ke2 1-0

[Event "45th Capablanca Mem Open"]
[Site "Havana CUB"]
[Date "2010.06.11"]
[Round "2"]
[White "Perez Perez,O"]
[Black "Hernandez Moya,Y"]
[Result "1-0"]
[WhiteElo "2318"]
[BlackElo "2181"]
[EventDate "2010.06.10"]

1. e4 e6 2. d4 d5 3. Nd2 c5 4. Ngf3 cxd4 5. exd5 Qxd5 6. Bc4 Qd6 7. Qe2 Nf6
8. Nb3 Nc6 9. Bg5 Be7 10. O-O-O h6 11. Bh4 O-O 12. Bg3 Qb4 13. Nfxd4 Nxd4
14. Rxd4 Qb6 15. Rhd1 Rd8 16. Rxd8+ Bxd8 17. Rd6 Qc7 18. Rd4 Qe7 19. Bd6
Qe8 20. g4 Bb6 21. Rd1 Qc6 22. f3 a6 23. Be5 Bc7 24. Bxc7 Qxc7 25. h4 b5
26. Bd3 Qf4+ 27. Qd2 Qxf3 28. g5 hxg5 29. hxg5 Nd5 30. Kb1 Bb7 31. g6 fxg6
32. Rf1 Qg3 33. Nc5 Bc6 34. Nxe6 Re8 35. Nd4 Bb7 36. a3 Nf6 37. Qc3 Bd5 38.
Qd2 Ne4 39. Qc1 Qg2 40. Rg1 Qf2 41. Nb3 Bxb3 42. cxb3 Nc5 43. Bc2 Re2 44.
Rd1 Ne6 45. Bd3 Re3 46. Rf1 Qxf1 1-0

[Event "45th Capablanca Mem Open"]
[Site "Havana CUB"]
[Date "2010.06.11"]
[Round "2"]
[White "Cueto Rodriguez,Y"]
[Black "Marrero Lopez,Yan"]
[Result "1/2-1/2"]
[WhiteElo "2134"]
[BlackElo "2316"]
[EventDate "2010.06.10"]

1. e4 e5 2. Nf3 Nc6 3. d4 exd4 4. Nxd4 Bb4+ 5. c3 Bc5 6. Be3 Bb6 7. Bc4 Nf6
8. Nxc6 bxc6 9. Bxb6 axb6 10. e5 Nd5 11. Bxd5 cxd5 12. Qxd5 Ra5 13. Qe4 Qe7
14. f4 Qh4+ 15. g3 Qh3 16. Na3 O-O 17. O-O-O Re8 18. Qd3 h6 19. Rd2 Qe6 20.
c4 Bb7 21. Re1 d5 22. cxd5 Rxd5 23. Qe3 Rxd2 24. Qxd2 Qxa2 25. Qd7 Re6 26.
Qd8+ Kh7 27. Qd3+ g6 28. Nc2 Rc6 29. f5 Qa1+ 30. Kd2 Qxb2 31. fxg6+ Rxg6
32. e6 fxe6 33. Rxe6 Qg7 34. Rxg6 Qxg6 35. Qd7+ Qg7 36. Qd3+ Kh8 37. Qd8+
Kh7 38. Qd3+ Kh8 39. Qd8+ 1/2-1/2

[Event "45th Capablanca Mem Open"]
[Site "Havana CUB"]
[Date "2010.06.11"]
[Round "2"]
[White "Flaquer,L"]
[Black "Miranda Llanes,Y"]
[Result "1/2-1/2"]
[WhiteElo "2316"]
[BlackElo "2170"]
[EventDate "2010.06.10"]

1. e4 e5 2. Nf3 Nc6 3. Bc4 Bc5 4. b4 Bxb4 5. c3 Bd6 6. d4 Nf6 7. O-O O-O 8.
dxe5 Bxe5 9. Nxe5 Nxe5 10. Bb3 d6 11. f4 Ng6 12. f5 Ne5 13. Bg5 Re8 14. Nd2
Bd7 15. Qe1 Bb5 16. c4 Bc6 17. Qg3 Ned7 18. Rae1 Qe7 19. Re3 Qe5 20. Qh4
Qd4 21. Rd1 Qc5 22. Kh1 Re5 23. Bc2 Rae8 24. Rde1 b5 25. Rg3 Rxf5 26. Be3
Rh5 27. Rxg7+ Kh8 28. Qg3 Qe5 29. Bf4 Qb2 30. Bd1 Nxe4 31. Nxe4 Qxg7 32.
Bxh5 Qxg3 33. Bxg3 Rxe4 34. Rxe4 Bxe4 35. cxb5 Bd5 36. a3 Nb6 37. Bh4 Nc4
38. a4 Kg7 39. Bd8 c6 40. Bc7 cxb5 41. axb5 Bb7 42. Be2 d5 43. Kg1 a6 44.
bxa6 Bxa6 45. Kf2 Bc8 46. Bd3 f6 47. Kg3 Be6 48. Kf4 Bf7 49. Bf5 Bg6 50.
Be6 Be4 51. g4 Kf8 52. h4 Ke7 53. Bc8 Nd6 54. Ba6 Ke6 55. h5 Bc2 56. Bf1
Nf7 57. Ba6 Nd6 58. Bb6 Be4 59. Bd4 Bc2 60. Bf1 Nf7 61. Bb5 Nd6 62. Ba6 Bb1
63. Be2 Bc2 64. Ke3 Nc4+ 65. Kf4 Nd6 66. Bc5 Bb1 67. Ke3 Ke5 68. Bd4+ Ke6
69. Bc3 Nf7 70. Kf4 Bc2 71. Bd2 Bb1 72. Be1 Be4 73. Bh4 Nd6 74. Ke3 Nf7 75.
Kd4 Ne5 76. Ke3 Nf7 77. Bd1 h6 78. Be2 Ne5 79. Kf4 Nd3+ 80. Ke3 Ne5 1/2-1/2

[Event "45th Capablanca Mem Open"]
[Site "Havana CUB"]
[Date "2010.06.11"]
[Round "2"]
[White "Zavarce,Oscar Enrique"]
[Black "Gil Suarez,J"]
[Result "0-1"]
[WhiteElo "2124"]
[BlackElo "1752"]
[EventDate "2010.06.10"]

1. e4 c5 2. Nf3 d6 3. d4 cxd4 4. Nxd4 Nf6 5. f3 a6 6. c4 e6 7. Nc3 Be7 8.
Be3 Nbd7 9. Be2 Qc7 10. Qd2 Ne5 11. Rc1 O-O 12. O-O Re8 13. b4 Bf8 14. Rfd1
Bd7 15. Nb3 Rad8 16. Qe1 Rc8 17. Nd2 Qb8 18. a4 d5 19. c5 a5 20. bxa5 Bxc5
21. Bxc5 Rxc5 22. Nb3 Rcc8 23. Bb5 Bc6 24. Kh1 dxe4 25. Nxe4 Nxe4 26. fxe4
Ng4 27. Qh4 Qf4 28. Bxc6 Rxc6 29. Rf1 Rxc1 0-1